Star Trek: Enterprise Crew - Statistics

General Stats
  • This quiz has been taken 58 times
  • The average score is 10 of 19
Answer Stats
Position/Role Character % Correct
Captain, Starship Enterprise Jonathan Archer
100%
Chief Medical Officer, Starship Enterprise Phlox
94%
First / Science Officer, Starship Enterprise T'Pol
94%
Chief Engineer, Starship Enterprise Charles "Trip" Tucker III
92%
Tactical Officer, Starship Enterprise Malcolm Reed
87%
Communications Officer, Starship Enterprise Hoshi Sato
79%
Andorian Commander Thy'lek Shran
71%
Helmsman, Starship Enterprise Travis Mayweather
67%
Time-Travelling Agent Daniels
56%
Starfleet Admiral Maxwell Forrest
56%
Liberator, Surrogate Father of Augments Arik Soong
54%
Vulcan Ambassador Soval
44%
Recurring Suliban Antagonist Silik
31%
Xindi Weapon Designer Turned Ally Degra
27%
Leader of the MACO Security Force Major J. Hayes
25%
Binary Clone of Chief Engineer and Science Officer Named for Engineer's Sister Elizabeth
21%
Nurse / Crewman, Starship Enterprise Elizabeth Cutler
13%
Leader of Supremacist Organization Terra Prime John Frederick Paxton
10%
Augment Leader Malik
6%
No matching quizzes found
Score Distribution
Percent of People with Each Score
Percentile by Number Answered
Your Score History
You have not taken this quiz